Gaming Quiz

Random Gaming Quiz

Name all Fire Emblem Three Houses Prominent Characters Quiz Stats

 Plays Quiz not verified by Sporcle

Support Sporcle.
Go Orange.
Score 0/41 Timer 10:00
1 Play Today
House/Region Answer % Correct
Black Eagles Edelgard
98.1%
Golden Deer Claude
97.6%
Blue Lions Dimitri
97.2%
Black Eagles Hubert
95%
Golden Deer Hilda
94.9%
Church of Seiros Rhea
94.7%
Blue Lions Mercedes
94.6%
Black Eagles Dorothea
94.1%
Black Eagles Petra
93.7%
Black Eagles Bernadetta
93.5%
Black Eagles Ferdinand
93.5%
Black Eagles Caspar
93.1%
Blue Lions Sylvain
93.1%
Blue Lions Dedue
93%
Blue Lions Felix
92.9%
Blue Lions Ingrid
92.3%
Blue Lions Ashe
92%
Golden Deer Raphael
91.7%
Golden Deer Lorenz
91.6%
Church of SeirosSeteth
91.3%
Golden Deer Ignatz
91%
House/Region Answer % Correct
Church of SeirosFlayn
91%
Golden Deer Marianne
90.7%
Blue Lions Annette
90.3%
Golden Deer Leonie
90.1%
Church of SeirosShamir
90%
Church of SeirosCatherine
89.8%
Black Eagles Linhardt
89.4%
Golden Deer Lysithea
88.7%
Church of Seiros Alois
82.6%
Church of SeirosManuela
81.5%
Church of SeirosHanneman
81.4%
Church of SeirosCyril
80.8%
Church of Seiros (NPC)Jeralt
79.3%
Church of SeirosGilbert
78.5%
Adrestian EmpireJeritza
71.3%
Church of Seiros Byleth
69.9%
Leicester Alliance (NPC)Judith
68.4%
Holy Kingdom of Faerghus (NPC)Rodrigue
66.7%
Leicester Alliance/Almyra (NPC)Nader
54.8%
Church of Seiros Anna
42.9%

You're not logged in!

Compare scores with friends on all Sporcle quizzes.
OR
Log In

From the Vault

Spanish In US Hit Songs

by JoeBeta

This is your chance to finally figure out what the heck these lyrics mean in English.

You Might Also Like...

Remove Ads.
Support Sporcle.
Get the best of Sporcle when you Go Orange. This ad-free experience offers more features, more stats, and more fun while also helping to support Sporcle. Thank you for becoming a member.

Show Comments

Extras

Top Quizzes Today


Score Distribution

Your Account Isn't Verified!

In order to create a playlist on Sporcle, you need to verify the email address you used during registration. Go to your Sporcle Settings to finish the process.

Report this User

Report this user for behavior that violates our Community Guidelines.

Details: